Представление документа в формате MARC21

Поле Инд. ПП Название Значение
Тип записи m
Библиографический уровень m
001 Контрольный номер 6f960a91ae19426285a2914adb32b3bd
005 Дата корректировки 20230130140909.4
008 Кодируемые данные 220630|||||||||ru |||||||||||||||||rus||
040 b Код языка каталог. rus
e Правила каталог. PSBO
041 0_ a Код языка текста rus
084 a Индекс другой классификации/Индекс ББК 65.051+65.9(2Рос-4Мур)
203 a Вид содержания Текст
c Тип средства электронный
245 10 a Заглавие Жилищно-коммунальное хозяйство муниципальных образований Мурманской области. Ч. 1. Коммунальное хозяйство
b Продолж. заглавия статистический сборник : [код работы – 044111001]
c Ответственность Федеральная служба государственной статистики, Территориальный орган Федеральной службы государственной статистики по Мурманской области (Мурманскстат)
h Физич. носитель Электронный ресурс
260 a Место издания Мурманск
c Дата издания 2022
300 a Объем 83 с.
500 a Примечание Электрон. текстовые дан. (1 файл : 2,15 Мб)
500 a Примечание URL: https://elib.mauniver.ru/stat/2022/STATSB_22_03.pdf
500 a Примечание Доступ из локальной сети Мурман. гос. техн. ун-та. - Загл. с титул. экрана
520 0_ a Аннотация В статистическом сборнике публикуются основные показатели, характеризующие работу коммунального хозяйства городских округов и муниципальных районов области за 2020, 2021 годы. Для управленческого персонала, руководителей, специалистов организаций, научных, предпринимательских кругов, профессорско-преподавательского состава, аспирантов и студентов, других заинтересованных пользователей
583 x Служебное примечание Полнотекстовые документы
x Служебное примечание Краеведческий каталог
583 1_ x Служебное примечание Статистические сборники
650 04 a Основная рубрика Статистические сборники-Мурманская область
651 _4 a Географическое наименование Мурманская область
653 0_ a Ключевые слова Водоснабжения Мурманской области; Водоотведение коммунальное; Жилищно-коммунальное хозяйство Мурманской области; Коммунальное хозяйство; Региональная экономика; Статистические данные 2020-2021 гг.; Сборники статистические; Статистические сборники;; Теплоснабжение Мурманской области; Электронные версии; Экономика Мурманской области; Энергосбережение
856 40 u URL https://elib.mauniver.ru/stat/2022/STATSB_22_03.pdf
901 t Тип документа m